| 000 | 01070nac a22003857a 4500 | ||
|---|---|---|---|
| 001 | BR7909428 | ||
| 003 | BR-BrBNA | ||
| 005 | 20240105114604.0 | ||
| 008 | 230509b bl.|||m| |||| 00| 0 por d | ||
| 040 |
_aBR-BrBNA _bpor _cBiblioteca Nacional de Agricultura |
||
| 072 | _aF01; E70; L01 | ||
| 090 | _a1540 BR7909428 | ||
| 100 | 1 | _aLibonati, V.F. | |
| 100 | 1 | _aAndrade, J.C. de | |
| 100 | 1 | _aGuerreiro, P.M. da S. | |
| 110 | 1 | _aFaculdade de Ciencias Agrarias do Para, Belem (Brasil) | |
| 245 | 1 | _aAlguns aspectos da producao de alimentos no Estado do Para [Brasil] | |
| 260 | 3 |
_aBelem, PA (Brasil): _c1979. |
|
| 300 | _a83 p. | ||
| 490 |
_aFCAP. Informe Tecnico (Brazil) _vno. 1 _x |
||
| 500 | _a8 ref.; 10 tables | ||
| 650 | _aMANDIOCA | ||
| 650 | _aARROZ | ||
| 650 | _aFEIJAO | ||
| 650 | _aMILHO | ||
| 650 | _aFRUTA | ||
| 650 | _aPECUARIA | ||
| 650 | _aAVICULTURA | ||
| 650 | _aPESCA | ||
| 650 | _aCOMERCIALIZACAO | ||
| 650 | _aTRANSPORTE | ||
| 650 | _aPARA | ||
| 909 |
_a202312 _bLúcia Elande _c55 _dLúcia Elande |
||
| 942 |
_2AGRIS _n0 _cMS |
||
| 999 |
_c270213 _d270213 |
||